000 00381cam a2200169 4500
001 D13359
008 090401t1894 xxu||||| |||| 00| 0 eng d
035 _a(Sirsi) u9223
041 _aeng
100 _aMacer, Alfred Thomas
245 _aBetterment
260 _aLondon
_bThe St Bride`s Press
_c1894
350 _a0
520 _aShelf 118
942 _n0
948 _c04/03/1997
999 _c86620
_d86620